vufinder Bibliothèque Municipale de Charleval de Provence
Se connecter

Historien à Gaza (Un)

Book Cover
Auteur principal: Jean-Pierre Filiu
Support: Livres
Langue: Francais
Publié: 2025 Les arènes Paris
Genre: Documentaire
Sujets:
Étiquettes: Ajouter
Pas de Tags !

LEADER 00856nam0a2200193 450
001 16848354
010 |a 979-10-375-1378-6  |b br.  |d 19 € 
100 |a 20250212d2025 u u0frey01 ba 
101 0 |a fre 
102 |a FR 
200 0 |a Historien à Gaza (Un)  |f Jean-Pierre Filiu 
207 1 |a   
210 |a Paris  |c Les arènes  |d 2025 
215 |a 1 vol.  |d 23 x 15 cm 
330 |a En décembre 2024, l'auteur, historien, séjourne plus d'un mois dans la bande de Gaza, alors inaccessible aux journalistes. Il y enquête sur le quotidien des habitants après la guerre déclenchée en octobre 2023, livrant un témoignage direct sur leur survie et leur dignité. 
700 0 |a Filiu  |b Jean-Pierre  |4 70 
900 |a Documentaire 
901 |a Accessible au prêt 
995 |a Bibliothèque  |c Bibliothèque  |f 00156011588498  |h 00156011588498  |k 956.94 FIL  |o p  |q a  |r az  |e Bibliothèque 

Options de recherche

Historique de recherche
Recherche avancée

Trouver plus

Nouveautés

Besoin d'aide ?

Contacter un bibliothécaire